| 000 | 00485nam a2200181Ia 4500 | ||
|---|---|---|---|
| 008 | 120724t1997 xxu||||| |||| 00| 0 sin d | ||
| 041 | _asin | ||
| 080 |
_a8-31 _bLON |
||
| 100 | _aLondon , Jack | ||
| 245 | _aවන පෙත අඩ ගසයි | ||
| 246 | _aWana Petha Ada Gasai | ||
| 260 |
_aVidharshana Publisher _aDehiwala _c1997 |
||
| 300 | _b153p, 18 cm | ||
| 700 |
_aRanaweera , Ariyawansa _etr. |
||
| 942 | _cBK | ||
| 999 |
_c40002 _d40002 |
||
| 003 | LK-CoDNM | ||
| 040 |
_aLK-CoDNM _dLK-CoDNM _eLK-CoDNM |
||